000 01064cam a22002054a 4500
005 20250605164137.0
008 250528s ||||||||||||||||||||||||d
035 _a18829
020 _a6383947
040 _aGR-AtMCL
_bgre
_dGR-AtMCL
_eAACR2
245 1 _aCriminal Shadows / Inside the Mind of the Serial Killer
250 _a1st
260 _bHarper Collins Publishers,
_c1994
300 _a416
520 _aA highly acclaimed account of the writer's experience as Britain's leading pioneer in the new science of criminal psychological profiling. List of Maps and Tables and Figures, Foreword, Problem, A Better Net, First Principles, Enriching Intuition, Approach, With Science in Mind, Development, Criminal Maps, Consistent Clues, Distinguishing Actions, Objects of Murder, Resolutions, Stories we Live By, Limited Narratives, Narratives of Evil, Deciphering Criminal, Shadows, Afterword, Acknowledgements, References and Notes, Select Bibliography, Index.
700 1 _aCanter David
_95091
942 _cBK
999 _c4141
_d4141